| 000 | 01081nam a2200229Ia 4500 | ||
|---|---|---|---|
| 001 | L230-5665 | ||
| 003 | IT-CnALBA | ||
| 008 | 170116s9999||||xx |||||||||||||| ||und|| | ||
| 040 |
_aIT-CnALBA _cIT-CnALBA |
||
| 041 | _aLATINO | ||
| 100 | _aDIEKAMP FRANCESCO | ||
| 245 | 0 | _aTHEOLOGIAE DOGMATICAE MANUALE. VOL. III. DE GRATIA CHRISTI. | |
| 250 | _a1a ed. | ||
| 260 |
_a ROMA PARIS TOURNAI _bDESCLEE & C. EDIT. _c1935 [1° Ed.:1935 - Ed.Ling.Originale: 1935] |
||
| 300 | _a198 p. | ||
| 500 | _aCURATORE ADOLFO HOFFMANN. TEOLOGIA SCOLASTICA. GRAZIA. ESSENZA NECESSITÀ EFFICACIA. GRAZIA E LIBERO ARBITRIO. DISTRIBUZIONE DELLA GRAZIA. GIUSTIFICAZIONE. MERITO. INDICE ANALITICO. | ||
| 501 | _aSocietà San Paolo EM - Piazza San Paolo, 14 - 12051 ALBA (CN) (non commercial uses only) ® Copyright 2017 | ||
| 520 | _aCURATORE ADOLFO HOFFMANN. TEOLOGIA SCOLASTICA. GRAZIA. ESSENZA NECESSITÀ EFFICACIA. GRAZIA E LIBERO ARBITRIO. DISTRIBUZIONE DELLA GRAZIA. GIUSTIFICAZIONE. MERITO. INDICE ANALITICO. | ||
| 650 | _aDOGMATICA CRISTIANA | ||
| 942 | _cBK | ||
| 957 | _71 | ||
| 999 |
_a6644 _bSI _g Copie: 1 _c264850 _d264850 |
||